00937nam a22002417a 450000500170000000800410001702000220005804000140008004100080009410000210010224500580012325000170018126000460019830000390024444000430028350001200032663000280044665000160047465100320049094200130052299900170053595201430055220210429142119.0210429b ||||| |||| 00| 0 eng d a978-2-8073-0556-4 aBUACcBUC aFre aHansenne, Michel aPsycholoe de la personnalitéc/ par Michel Hansenne a5ème éd. aBruxelles :bDe Boeck Supérieur,c2018. a432 p.bCouv.ill. en Coul;c24 cm. a(Ouvertures Psychologiques)x2030-4196 aBibliogr. pp.(376- 404) Glossaire. pp.(405-418) Index des Auteurs. pp.( 419- 423) Index de Notions. pp. (424 - 428) aPHILOSOPHIE-PSYCHOLOGIE aPSYCHOLOGIE aPersonnalité: psychologie 2ddccLBA c61924d61924 00102ddc4070aBUACbBUACcRéserved2021-04-29eDON ARESf21/0109l0o159.923 HANp21/0109Bucr2021-04-29 00:00:00t1w2021-04-29yLBA